Estudio comparativo entre el protocolo de Internet versión 4 y el protocolo de internet versión 6 (IPV4-IPV6)
Presenta un estudio comparativo para determinar el protocolo de internet (IPV4 o IPv6) más apropiado para implementarse en un futuro cercano dado el crecimiento que ha tenido internet en los últimos años. Recopilar información de los protocolos a comparar. Analizar la información recopilada. Co...
| Main Authors: | , |
|---|---|
| Other Authors: | |
| Format: | Tesis Section = Libro |
| Language: | Undetermined Spanish |
| Published: |
Managua
UNI
2005
|
| Subjects: |
| LEADER | 01221nam a2200277Ia 4500 | ||
|---|---|---|---|
| 008 | 240830s9999 xx 000 0 und d | ||
| 040 | |a BIBLIOTECA-RUSB/ Mon 004 M298 | ||
| 041 | |a spa | ||
| 082 | |a Mon 004 M298 | ||
| 100 | 1 | |a Maradiaga Cabrera, Rebeca Victorina | |
| 100 | 1 | |b Martínez Gómez, Francisco José | |
| 245 | 1 | 0 | |a Estudio comparativo entre el protocolo de Internet versión 4 y el protocolo de internet versión 6 (IPV4-IPV6) |
| 260 | |a Managua |b UNI |c 2005 | ||
| 300 | |a 71 p. :il. | ||
| 500 | |a Contiene: anexos. | ||
| 502 | |a Tesis (Ingeniero en Computación) - UNI, 2005. | ||
| 520 | 3 | |a Presenta un estudio comparativo para determinar el protocolo de internet (IPV4 o IPv6) más apropiado para implementarse en un futuro cercano dado el crecimiento que ha tenido internet en los últimos años. Recopilar información de los protocolos a comparar. Analizar la información recopilada. Comparar las características de ambos protocolos. | |
| 650 | 7 | |a INFORMATICA | |
| 650 | 7 | |b INTERNET | |
| 650 | 7 | |c REDES DE INTERNET | |
| 650 | 7 | |d PROTOCOLOGO DE INTERNET | |
| 650 | 7 | |e DESARROLLO DE SOFTWARE | |
| 700 | 1 | |a Tutor: |b Lacayo Cruz, Edwin | |
| 942 | |c BK |2 ddc | ||
| 991 | |a TESIS | ||
| 999 | |c 19602 | ||